[Event "Kishinev Interzonal (Women)"]
[Site "Kishinev"]
[Date "1995.??.??"]
[Round "1"]
[White "Belakovskaia, Anjelina"]
[Black "Lin, Ye"]
[Result "1/2-1/2"]
[WhiteElo "2345"]
[BlackElo "2205"]
[PlyCount "122"]
[EventDate "1995.09.??"]
[EventType "swiss"]
[EventRounds "13"]
[EventCountry "MDA"]
[SourceTitle "EXT 1997"]
[Source "ChessBase"]
[SourceDate "1996.11.15"]
[SourceVersion "1"]
[SourceVersionDate "1996.11.15"]
[SourceQuality "1"]

1. d4 Nf6 2. Nf3 e6 3. c4 b6 4. g3 Bb7 5. Bg2 Be7 6. Nbd2 0-0 7. 0-0 c5 8. b3 cxd4 9. Nxd4 Bxg2 10. Kxg2 d5 11. Bb2 Qd7 12. cxd5 Qxd5+ 13. N2f3 Nc6 14. Rc1 Nxd4 15. Qxd4 Qb7 16. Qf4 Rac8 17. Bxf6 Bxf6 18. Rxc8 Rxc8 19. Rc1 Rxc1 20. Qxc1 h6 21. Qc2 Be7 22. e4 Bc5 23. Qc4 a5 24. Ne5 Bd6 25. Qc6 Qxc6 26. Nxc6 Kf8 27. Kf1 Ke8 28. Ke2 Kd7 29. Nd4 Bc5 30. Kd3 Kd6 31. a4 g6 32. Nb5+ Kc6 33. Na7+ Kd7 34. f3 f5 35. h3 Bf2 36. g4 fxg4 37. fxg4 Kd6 38. Nc8+ Ke5 39. Ne7 Kf6 40. Nc6 Kg5 41. Ke2 Bc5 42. Kf3 h5 43. e5 Kh4 44. gxh5 Kxh5 45. Nd8 Kh4 46. Nxe6 Ba3 47. Kg2 Bb2 48. Nf8 Kg5 49. e6 Kf6 50. e7 Kxe7 51. Nxg6+ Kd6 52. Kf3 Kc5 53. Nf4 Bh8 54. Ke4 Kb4 55. Nd5+ Kxb3 56. Nxb6 Kb4 57. Kd5 Bf6 58. Nd7 Bh4 59. Nb6 Bf2 60. Kc6 Bh4 61. Kb7 Bf2 1/2-1/2

[Event "Kishinev Interzonal (Women)"]
[Site "Kishinev"]
[Date "1995.??.??"]
[Round "5"]
[White "Hoang, Thanh Trang"]
[Black "Lin, Ye"]
[Result "1/2-1/2"]
[WhiteElo "2405"]
[BlackElo "2205"]
[PlyCount "159"]
[EventDate "1995.09.??"]
[EventType "swiss"]
[EventRounds "13"]
[EventCountry "MDA"]
[SourceTitle "EXT 1997"]
[Source "ChessBase"]
[SourceDate "1996.11.15"]
[SourceVersion "1"]
[SourceVersionDate "1996.11.15"]
[SourceQuality "1"]

1. d4 Nf6 2. c4 e6 3. Nc3 Bb4 4. Qc2 0-0 5. a3 Bxc3+ 6. Qxc3 b6 7. Bg5 Bb7 8. Nf3 d6 9. Nd2 Nbd7 10. f3 h6 11. Bh4 c5 12. e4 Rc8 13. Bd3 cxd4 14. Qxd4 Ne5 15. Be2 Ng6 16. Bxf6 Qxf6 17. Qxf6 gxf6 18. g3 d5 19. exd5 exd5 20. Kf2 Ne5 21. cxd5 Bxd5 22. Rac1 Rfd8 23. Rhd1 Be6 24. Ne4 Kg7 25. Rxc8 Rxc8 26. f4 Nc4 27. Bxc4 Rxc4 28. Ke3 f5 29. Nc3 Rc8 30. Nb5 a5 31. Rd6 Rc2 32. Rd2 Rc8 33. Nd4 Kf6 34. Rc2 Ke7 35. Rxc8 Bxc8 36. Nf3 Kd6 37. Kd4 Be6 38. Ne5 f6 39. Nc4+ Kc6 40. Ne3 h5 41. Nd1 Bb3 42. Nf2 Be6 43. Nd3 Kd6 44. Nc1 Kc6 45. Ne2 Kd6 46. b4 axb4 47. axb4 Kc6 48. Nc3 Bb3 49. Ke3 Bc4 50. Kf3 Bd5+ 51. Kf2 Bc4 52. Kg2 Bd3 53. Kf3 Bf1 54. Ke3 Bc4 55. Kd4 Be6 56. Ne2 Kd6 57. Nc3 Kc6 58. b5+ Kd6 59. Na4 Kc7 60. Nc3 Kd6 61. Nd1 Bb3 62. Ne3 Be6 63. h3 Bd7 64. Nd5 Bxb5 65. Nxf6 Bf1 66. h4 Be2 67. Nd5 b5 68. Ne3 Ke6 69. Kc5 Bd3 70. Nd5 Bc4 71. Nc7+ Kd7 72. Nxb5 Bxb5 73. Kxb5 Kd6 74. Kb6 Kd5 75. Kc7 Ke4 76. Kd6 Kf3 77. Ke5 Kxg3 78. Kxf5 Kxh4 79. Ke5 Kg3 80. f5 1/2-1/2

[Event "Kishinev Interzonal (Women)"]
[Site "Kishinev"]
[Date "1995.??.??"]
[Round "8"]
[White "Lin, Ye"]
[Black "Berezina, Irina"]
[Result "1/2-1/2"]
[WhiteElo "2205"]
[BlackElo "2195"]
[PlyCount "105"]
[EventDate "1995.09.??"]
[EventType "swiss"]
[EventRounds "13"]
[EventCountry "MDA"]
[SourceTitle "EXT 1997"]
[Source "ChessBase"]
[SourceDate "1996.11.15"]
[SourceVersion "1"]
[SourceVersionDate "1996.11.15"]
[SourceQuality "1"]

1. c4 g6 2. Nc3 Bg7 3. d4 Nf6 4. Nf3 d6 5. Bf4 0-0 6. e3 c5 7. Be2 Qb6 8. Qd2 Rd8 9. d5 Bf5 10. 0-0 Na6 11. Nh4 Bg4 12. h3 Bxe2 13. Qxe2 Nd7 14. Nf3 Qb4 15. a3 Qb3 16. Rfc1 Nc7 17. Rab1 a5 18. Nd2 Qb6 19. Qd1 Qa6 20. Qf1 Rdb8 21. Nb5 Qb6 22. Nxc7 Qxc7 23. Ne4 Qd8 24. Qd3 b6 25. Nc3 Qf8 26. Nb5 a4 27. e4 Bh6 28. Qe3 Bxf4 29. Qxf4 Qg7 30. Qe3 g5 31. Rf1 Ne5 32. Rbc1 Kh8 33. f3 Ra5 34. Qe2 Ng6 35. Qf2 Ne5 36. Qc2 Ng6 37. Qe2 Qe5 38. Qf2 Nf4 39. Rfd1 h5 40. Nc3 h4 41. Qc2 Rba8 42. Rb1 Ng6 43. Qd3 Kg7 44. Rd2 Qf6 45. Nd1 Nf4 46. Qf1 Nh5 47. Ne3 Ng3 48. Qd3 Kf8 49. b4 axb3 50. Rxb3 Qd4 51. Qc2 Qg7 52. Qc1 Kg8 53. Kf2 1/2-1/2

[Event "Kishinev Interzonal (Women)"]
[Site "Kishinev"]
[Date "1995.??.??"]
[Round "2"]
[White "Lin, Ye"]
[Black "Kulish, Irina"]
[Result "1-0"]
[WhiteElo "2205"]
[BlackElo "2300"]
[PlyCount "61"]
[EventDate "1995.09.??"]
[EventType "swiss"]
[EventRounds "13"]
[EventCountry "MDA"]
[SourceTitle "EXT 1997"]
[Source "ChessBase"]
[SourceDate "1996.11.15"]
[SourceVersion "1"]
[SourceVersionDate "1996.11.15"]
[SourceQuality "1"]

1. c4 Nf6 2. Nc3 c5 3. g3 g6 4. Bg2 Bg7 5. e4 Nc6 6. Nge2 0-0 7. 0-0 d6 8. d3 Rb8 9. a3 a6 10. Rb1 b5 11. cxb5 axb5 12. b4 Ba6 13. h3 Nd4 14. Be3 Nd7 15. Qd2 Re8 16. f4 Nf8 17. Kh2 Nxe2 18. Nxe2 Ne6 19. Rfc1 Rc8 20. Nc3 Nd4 21. Kh1 e5 22. Qf2 Qd7 23. Nd5 exf4 24. Bxf4 Qd8 25. h4 Ne6 26. Be3 Rf8 27. Bh3 Rb8 28. bxc5 dxc5 29. Bxc5 Nxc5 30. Qxc5 Be5 31. Ne7+ 1-0

[Event "Kishinev Interzonal (Women)"]
[Site "Kishinev"]
[Date "1995.??.??"]
[Round "4"]
[White "Lin, Ye"]
[Black "Shumiakina, Tatiana"]
[Result "1/2-1/2"]
[WhiteElo "2205"]
[BlackElo "2345"]
[PlyCount "126"]
[EventDate "1995.09.??"]
[EventType "swiss"]
[EventRounds "13"]
[EventCountry "MDA"]
[SourceTitle "EXT 1997"]
[Source "ChessBase"]
[SourceDate "1996.11.15"]
[SourceVersion "1"]
[SourceVersionDate "1996.11.15"]
[SourceQuality "1"]

1. c4 e6 2. Nc3 d5 3. d4 c6 4. cxd5 exd5 5. Qc2 Nf6 6. Bg5 Na6 7. a3 Nc7 8. e3 Be7 9. Bd3 Ne6 10. Bh4 g6 11. Nge2 Ng7 12. 0-0 Bf5 13. Nf4 0-0 14. b4 a6 15. Rab1 Bd6 16. Bg3 Qe7 17. Nfe2 Bxd3 18. Qxd3 Nf5 19. Bxd6 Nxd6 20. a4 b5 21. Ng3 Rfe8 22. Rfe1 h5 23. f3 h4 24. Nf1 Nc4 25. Nd2 Rab8 26. a5 Nh5 27. Nxc4 bxc4 28. Qd2 Nf6 29. Na4 Ra8 30. Qc3 Qe6 31. Nc5 Qf5 32. h3 Qg5 33. Qd2 Nh5 34. Qf2 Re7 35. Ra1 Rea7 36. e4 Nf4 37. Kh1 Rb8 38. Rab1 Kg7 39. exd5 cxd5 40. Re5 Qf6 41. Qd2 Nh5 42. Rxd5 Ng3+ 43. Kh2 Re8 44. Re1 Rae7 45. Rde5 Rxe5 46. dxe5 Rxe5 47. Nd7 Rxe1 48. Qxe1 Qd6 49. Qe5+ Qxe5 50. Nxe5 Nf1+ 51. Kg1 Ne3 52. Kf2 Nd5 53. Nxc4 Nxb4 54. f4 Kf6 55. Kf3 Ke6 56. Kg4 Nc6 57. Kxh4 Kd5 58. Nb6+ Ke6 59. Na4 Kf5 60. Kg3 Nxa5 61. Nc5 Nc6 62. Nxa6 Nd4 63. Nb4 Ke4 1/2-1/2

[Event "Kishinev Interzonal (Women)"]
[Site "Kishinev"]
[Date "1995.??.??"]
[Round "10"]
[White "Socko, Monika"]
[Black "Lin, Ye"]
[Result "1-0"]
[WhiteElo "2310"]
[BlackElo "2205"]
[PlyCount "159"]
[EventDate "1995.09.??"]
[EventType "swiss"]
[EventRounds "13"]
[EventCountry "MDA"]
[SourceTitle "EXT 1997"]
[Source "ChessBase"]
[SourceDate "1996.11.15"]
[SourceVersion "1"]
[SourceVersionDate "1996.11.15"]
[SourceQuality "1"]

1. d4 Nf6 2. Nf3 g6 3. c4 Bg7 4. Nc3 d6 5. Bg5 Nbd7 6. e3 0-0 7. Be2 c6 8. 0-0 h6 9. Bh4 Ne8 10. e4 Nc7 11. Rc1 Ne6 12. d5 Nf4 13. Bg3 Nh5 14. Re1 Nxg3 15. hxg3 Ne5 16. Nxe5 Bxe5 17. Qd2 Bg7 18. Red1 Bd7 19. Qc2 Qb6 20. Rb1 Rac8 21. b4 Qd8 22. Qb3 cxd5 23. Nxd5 e6 24. Nf4 Qc7 25. Qd3 Ba4 26. Rd2 Rfd8 27. Qa3 Bc6 28. Qe3 b6 29. Bg4 Qe7 30. Nh3 b5 31. Be2 bxc4 32. Bxc4 Qb7 33. Bd3 Qb6 34. Qxb6 axb6 35. Rc2 Ba4 36. Rd2 g5 37. Kh2 Bc3 38. Re2 Bd4 39. Ng1 Rc3 40. Rd2 Be5 41. Ne2 Rc7 42. f4 Bf6 43. Kg1 Kf8 44. Kf2 Rdc8 45. Rh1 Bg7 46. Ke3 Bc6 47. Ba6 Ra8 48. b5 Bb7 49. Bxb7 Rxb7 50. Rc1 Ke7 51. Rc6 Ra3+ 52. Kf2 d5 53. e5 Ra8 54. Nd4 Bf8 55. f5 Ke8 56. fxe6 Bc5 57. Ke2 Ra4 58. Rc8+ Ke7 59. Nc6+ Kxe6 60. Nd8+ Kd7 61. Nxb7 Kxc8 62. Nxc5 bxc5 63. Rxd5 Rxa2+ 64. Kf3 Rc2 65. Ke4 Rxg2 66. Rxc5+ Kd7 67. b6 Rb2 68. Rc7+ Ke6 69. Rc6+ Ke7 70. Rxh6 Rb5 71. g4 Kd7 72. Kf5 Rc5 73. Rh7 Ke7 74. Rh8 Rb5 75. Rb8 Kd7 76. Rb7+ Kd8 77. Kf6 Ke8 78. Re7+ Kd8 79. Rxf7 Rxb6+ 80. e6 1-0